Central Library OPAC University of Rajshahi

A. E. Housman : (Record no. 18096)

MARC details
000 -LEADER
fixed length control field 00850cam a22002771 4500
001 - CONTROL NUMBER
control field 18096
003 - CONTROL NUMBER IDENTIFIER
rucl marc code BD-RjUL
005 - DATE AND TIME OF LATEST TRANSACTION
control field 20211209000233.0
008 - FIXED-LENGTH DATA ELEMENTS--GENERAL INFORMATION
fixed length control field 140219s1958 mnu 001 0beng
035 ## - SYSTEM CONTROL NUMBER
System control number (BD-RjUL)18154
System control number (OCoLC)2922018
040 ## - CATALOGING SOURCE
Original cataloging agency DLC
Transcribing agency ODa
Modifying agency DCHS
-- DLC
-- BD-RjUL
Language of cataloging eng
041 ## - LANGUAGE CODE
Language code of text/sound track or separate title eng
082 00 - DEWEY DECIMAL CLASSIFICATION NUMBER
Classification number 821.9
Author mark and year MAA 1958
100 1# - MAIN ENTRY--PERSONAL NAME
Personal name Marlow, Norman.
9 (RLIN) 55779
245 10 - TITLE STATEMENT
Title A. E. Housman :
Remainder of title Scholar and poet /
Statement of responsibility, etc. Norman Marlow.
260 ## - PUBLICATION, DISTRIBUTION, ETC. (IMPRINT)
Place of publication, distribution, etc. London :
Name of publisher, distributor, etc. Routledge & Kegan paul,
Date of publication, distribution, etc. c1958
300 ## - PHYSICAL DESCRIPTION
Pagination vii, 192 p. ;
Size 22 cm.
505 ## - FORMATTED CONTENTS NOTE
Formatted contents note Includes index.
600 10 - SUBJECT ADDED ENTRY--PERSONAL NAME
Personal name Housman, A. E.
Fuller form of name (Alfred Edward),
Dates associated with a name 1859-1936.
650 #0 - SUBJECT ADDED ENTRY--TOPICAL TERM
Topical term or geographic name as entry element Poets, English
Chronological subdivision 20th century
Form subdivision Biography.
9 (RLIN) 54495
Topical term or geographic name as entry element Classicists
Geographic subdivision Great Britain
Form subdivision Biography.
9 (RLIN) 55780
942 ## - ADDED ENTRY ELEMENTS (KOHA)
Source of classification or shelving scheme Dewey Decimal Classification
Koha item type Books
Holdings
Lost status Source of classification or shelving scheme Damaged status Not for loan Collection code Permanent Location Current Location Shelving location Date acquired Source of acquisition Cost, normal purchase price Total Checkouts Full call number Date last seen Copy number Koha item type
  Dewey Decimal Classification   Not For Loan Non-fiction Central Library, University of Rajshahi Central Library, University of Rajshahi Reading Room 09/04/1964 Zeitlinger 21.00   821.9 MAA 1958 19/02/2014 C-1 Books